Hard City To Us State 1 - Statistics

General Stats
  • This quiz has been taken 16 times
  • The average score is 19 of 21
Answer Stats
City State % Correct
Huntsville Alabama
100%
Chula Visita California
100%
Rough And Ready California
100%
West Palm Beach Florida
100%
Bangor Maine
100%
Reno Nevada
100%
Utica New York
100%
Durham North Carolina
100%
Dayton Ohio
100%
Charleston (The One With The Most Population) South Carolina
100%
McAllen Texas
100%
Norfolk Virginia
100%
Yakima Washington
100%
Mobile Washington
100%
Salina Kansas
93%
Aloha Oregon
93%
North Platte Nebraska
87%
St.George Utah
87%
Gettysburg Pennsylvania
73%
New London Conneticut
13%
Garapan Northern Mariana Islands
13%
No matching quizzes found
Score Distribution
Percent of People with Each Score
Percentile by Number Answered
Your Score History
You have not taken this quiz